[Event "Negambo op 4th"]
[Site "Negambo"]
[Date "2018.08.16"]
[Round "2"]
[White "Tennakoon, TM Kaveesh"]
[Black "Munasinghe, Shanaka"]
[Result "0-1"]
[WhiteElo "1019"]
[BlackElo "1873"]
[PlyCount "88"]
[EventDate "2018.08.16"]
[EventType "swiss"]
[EventRounds "10"]
[EventCountry "SRI"]
[SourceTitle "CBM 186 Extra"]
[Source "ChessBase"]
[SourceDate "2018.08.24"]
[SourceVersion "1"]
[SourceVersionDate "2018.08.24"]
[SourceQuality "1"]

1. d4 e6 2. Nf3 Nf6 3. e3 Be7 4. Bd3 b6 5. Nbd2 Bb7 6. b3 c5 7. Bb2 0-0 8. 0-0 Nc6 9. c3 d6 10. Qe2 e5 11. dxe5 dxe5 12. Ne4 Qc7 13. Nfd2 Nxe4 14. Bxe4 f5 15. Bc2 g6 16. Rfd1 Bf6 17. f3 Ne7 18. e4 Bg7 19. c4 Nc6 20. Bd3 Nd4 21. Qe1 Qe7 22. Nf1 f4 23. Qf2 Rad8 24. Rd2 g5 25. h3 h5 26. Nh2 Bc8 27. Be2 Rd6 28. Rad1 Rg6 29. Rd3 Bf6 30. Bxd4 cxd4 31. R1d2 Kg7 32. Kf1 Rh8 33. Bd1 Be6 34. Bc2 Rc8 35. Qe2 g4 36. fxg4 hxg4 37. Nxg4 Bxg4 38. hxg4 Rh8 39. Rh3 Bh4 40. Qf3 Bg3 41. Rxh8 Kxh8 42. Ke2 Qb4 43. Kd3 Rh6 44. Re2 Qc3# 0-1